Aktuárske metódy v doplnkovom dôchodkovom poistení na Slovensku
Zavádzanie nového systému dôchodkového zabezpečenia v SR pozostávajúceho z troch základných a jednej doplnkovej časti. Doplnkové dôchodkové poisťovne na Slovensku. Dávkový plán - základný dokument doplnkového dôchodkového poistenia (DDP). Časti dávkového plánu, ktoré sa venujú aktuárskym metódam pou...
Salvato in:
| Autore principale: | |
|---|---|
| Altri autori: | |
| Natura: | Capitolo di libro |
| Lingua: | slovacco |
| Soggetti: | |
| Tags: |
Nessun Tag, puoi essere il primo ad aggiungerne!!
|
MARC
| LEADER | 00000naa$a2200000$$$4500 | ||
|---|---|---|---|
| 001 | 0008647 | ||
| 005 | 20240502071353.9 | ||
| 041 | 0 | |a slo | |
| 044 | |a SK | ||
| 245 | 1 | 0 | |a Aktuárske metódy v doplnkovom dôchodkovom poistení na Slovensku |c aut. Mária Bilíková, Lea Škrovánková |
| 520 | |a Zavádzanie nového systému dôchodkového zabezpečenia v SR pozostávajúceho z troch základných a jednej doplnkovej časti. Doplnkové dôchodkové poisťovne na Slovensku. Dávkový plán - základný dokument doplnkového dôchodkového poistenia (DDP). Časti dávkového plánu, ktoré sa venujú aktuárskym metódam používaným v DDP. Vzorce na výpočet jednotlivých dávok DDP. | ||
| 610 | 2 | 0 | |a Slovensko |
| 610 | 2 | 0 | |a poistenie dôchodkové doplnkové |
| 610 | 2 | 0 | |a poisťovne |
| 610 | 2 | 0 | |a dávky poistné |
| 610 | 2 | 0 | |a metódy aktuárske |
| 610 | 2 | 0 | |a metódy matematické |
| 610 | 2 | 0 | |a matematika poistná |
| 100 | 1 | |a Bilíková, Mária, 1951- | |
| 700 | 1 | |a Škrovánková, Lea, 1954- | |